LEADER 01553nam1 2200409 450 001 990002322520203316 005 20041230163833.0 035 $a000232252 035 $aUSA01000232252 035 $a(ALEPH)000232252USA01 035 $a000232252 100 $a20041230g1977----km-y0itay0103----ba 101 0 $aita 102 $aIT 105 $a||||||||001yy 200 1 $aCodice della normativa della Regione Puglia$fConsiglio regionale della Puglia 210 $aMilano$cGiuffre$d1977- 215 $av.$d19 cm 463 \1$1001990000867360203316$12001 $a<> Quinta legislatura$e1990-1995 463 \1$1001990002322560203316$12001 $a<> : Prima legislatura$e1970-1975 463 \1$1001990002322580203316$12001 $a<> : Seconda legislatura$e1975-1977 463 \1$1001990002322590203316$12001 $a<> : Seconda legislatura$e1978-1980 463 \1$1001990002322620203316$12001 $a<> : Terza legislatura$e1983-1985$e1985-1987 463 \1$1001990002322640203316$12001 $a<> : Quarta legislatura$e1988-1990 463 \1$1001990002465370203316$12001 $a<> Sesta legislatura$e1995-2000 606 0 $aPuglia$xLegislazione$z1970-1980 676 $a342 710 01$aPUGLIA$0262798 801 0$aIT$bsalbc$gISBD 912 $a990002322520203316 951 $aCodex 104$bG.$cCodex 104 959 $aBK 969 $aGIU 979 $aSIAV6$b10$c20041230$lUSA01$h1638 979 $aPATRY$b90$c20061017$lUSA01$h1718 996 $aCodice della normativa della Regione Puglia$9270256 997 $aUNISA LEADER 01330nam 2200433 450 001 9910466015503321 005 20200520144314.0 010 $a1-119-31235-3 035 $a(CKB)3710000001177764 035 $a(MiAaPQ)EBC4845194 035 $a(Au-PeEL)EBL4845194 035 $a(CaPaEBR)ebr11377090 035 $a(OCoLC)986031838 035 $a(EXLCZ)993710000001177764 100 $a20170511h20172017 uy 0 101 0 $aeng 135 $aurcnu|||||||| 181 $2rdacontent 182 $2rdamedia 183 $2rdacarrier 200 10$aFinancial valuation workbook $estep-by-step exercises and tests to help you master financial valuation. /$fJames R. Hitchner 205 $aFourth edition with website. 210 1$aHoboken, New Jersey :$cWiley,$d2017. 210 4$dİ2017 215 $a1 online resource (471 pages) $cillustrations 311 $a1-119-31234-5 320 $aIncludes bibliographical references at the end of each chapters and index. 606 $aBusiness$vCongresses 608 $aElectronic books. 615 0$aBusiness 676 $a330.9730926 700 $aHitchner$b James R. $0724132 801 0$bMiAaPQ 801 1$bMiAaPQ 801 2$bMiAaPQ 906 $aBOOK 912 $a9910466015503321 996 $aFinancial valuation workbook$92033091 997 $aUNINA